000 00397nam a2200145Ia 4500
003 GCL
008 140319s9999 xx 000 0 ara d
040 _aGCL /
_cGCL
082 0 4 _aط
_b922.1
_bس ع
100 1 _aسعد اسماعيل شلبى
245 1 0 _aعقبة بن نافع /
_cسعد اسماعيل شلبى
490 _aكتاب
_v0
650 0 4 _aعقبة بن نافع
942 _2ddc
_cBK
999 _c42809
_d42809